000 00312nam a2200133Ia 4500
008 191201s2007 xx 000 0 und d
100 _aKELLER, Kevin Lane
245 0 _aMarketing Management
250 _a12th
260 _c2007
_bPearson Education
_aN.Delhi
300 _a621
650 _aMBA
942 _2ddc
_cBB
999 _c7238
_d7238